| 000 | 00466nam a2200169 a 4500 | ||
|---|---|---|---|
| 001 | 2488 | ||
| 005 | 20140414131916.0 | ||
| 008 | 050601s19uu xx 00 eng d | ||
| 020 | _a0-86163-274-5 | ||
| 050 |
_aER _bIc1 |
||
| 100 | _aCloke, Rene | ||
| 245 |
_aI can read a rainbow / _cwritten and illustrated by Rene Cloke. |
||
| 260 |
_aLondon : _bAward Publications, _c[n.d.] |
||
| 300 | _a1 v. p. : ill. ; cm. | ||
| 650 | _aChildren stories. | ||
| 999 |
_c111507 _d111507 |
||